Country Name Etymologies Click Quiz: H, I, & J - Statistics

General Stats
  • This quiz has been taken 98 times
  • The average score is 12 of 15
Answer Stats
Hint Extra Hint Answer % Correct
Italus Latin Italy
99%
Land of ice Old Norse Iceland
97%
Ivory coast French Ivory Coast
97%
Named for the River Jordan Hebrew / Canaanite Jordan
96%
Land of the Indus River Sanskrit India
94%
God persists Hebrew Israel
93%
Land of the rising sun Italian Japan
93%
Indian islands Greek Indonesia
88%
Refers to the Uruk region of Mesopotamia Sumerian Iraq
79%
Depths Spanish Honduras
78%
Land of the Aryans Proto Indo-iranian Iran
78%
The fertile place Proto-Celtic Ireland
75%
People of the ten arrows Turkic languages Hungary
55%
Land of wood and water Taino / Arawak Jamaica
45%
Mountainous land Taíno / Arawak Haiti
39%
No matching quizzes found
Score Distribution
Percent of People with Each Score
Percentile by Number Answered
Your Score History
You have not taken this quiz